Mes actrices préférés - Statistiques

Statistiques générales
  • Ce quiz a été pris 33 fois
  • Le résultat moyen est 14 sur 89
Statistiques - réponses
Position Actrices % Correct
15 Emma Stone
56%
47 Scarlett Johansson
52%
25 Angelina Jolie
48%
29 Catherine Deneuve
48%
12 Julia Roberts
48%
3 Margot Robbie
44%
2 Meryl Streep
44%
26 Natalie Portman
44%
57 Kate Winslet
40%
17 Maggie Smith
36%
39 Jennifer Lawrence
32%
7 Pénélope Cruz
32%
22 Anne Hathaway
28%
4 Cate Blanchett
28%
34 Charlize Theron
28%
38 Isabelle Adjani
28%
82 Naomi Watts
28%
9 Emma Thompson
24%
51 Halle Berry
24%
6 Isabelle Huppert
24%
81 Léa Seydoux
24%
53 Marion Cotillard
24%
5 Nicole Kidman
24%
18 Sigourney Weaver
24%
77 Elizabeth Olsen
20%
37 Fanny Ardant
20%
27 Jane Fonda
20%
1 Julianne Moore
20%
19 Juliette Binoche
20%
67 Monica Bellucci
20%
16 Sandra Bullock
20%
87 Geena Davis
16%
32 Jessica Lange
16%
64 Jodie Foster
16%
8 Michelle Pfeiffer
16%
33 Olivia Colman
16%
10 Viola Davis
16%
54 Charlotte Rampling
12%
44 Diane Keaton
12%
42 Emily Blunt
12%
11 Helena Bonham Carter
12%
68 Jamie Lee Curtis
12%
13 Jessica Chastain
12%
20 Judi Dench
12%
69 Reese Witherspoon
12%
55 Shirley Maclaine
12%
66 Sissy Spacek
12%
46 Sophia Loren
12%
88 Camille Cottin
8%
61 Eva Green
8%
63 Frances McDormand
8%
23 Helen Mirren
8%
78 Karin Viard
8%
31 Kathy Bates
8%
43 Laura Dern
8%
28 Michelle Yeoh
8%
65 Renée Zellweger
8%
45 Sally Field
8%
72 Sandra Oh
8%
70 Tilda Swinton
8%
48 Whoopi Goldberg
8%
35 Amy Adams
4%
71 Angela Bassett
4%
30 Anjelica Huston
4%
52 Annette Bening
4%
50 Bette Midler
4%
75 Christine Baranski
4%
86 Elisabeth Moss
4%
14 Glenn Close
4%
73 Goldie Hawn
4%
79 Helen Hunt
4%
41 Julie Walters
4%
60 Kristin Scott Thomas
4%
80 Lily Tomlin
4%
89 Mary Steenburgen
4%
76 Mélissa McCarthy
4%
49 Octavia Spencer
4%
74 Rossy De Palma
4%
58 Sally Hawkins
4%
56 Salma Hayek Pinault
4%
24 Susan Sarandon
4%
36 Toni Collette
4%
21 Youn Yuh-Jung
4%
84 Allison Janney
0%
83 Hilary Swank
0%
85 Imelda Staunton
0%
40 Rosamund Pike
0%
62 Saoirse Ronan
0%
59 Taraji P.Henson
0%
Aucun quiz correspondant
Distribution des résultats
% des personnes avec chaque résultat
Percentile par nombre de réponses
Votre historique - résultats
Vous n’avez pas pris ce quiz